[Event "Elit(Solna-Manhem)"]
[Site "?"]
[Date "2004.??.??"]
[Round "10"]
[White "Landgren, Andreas"]
[Black "Moberg, Karl-Johan"]
[Result "1/2-1/2"]
[WhiteElo "2220"]
[BlackElo "2338"]
[PlyCount "57"]

1. d4 Nf6 2. c4 g6 3. Nc3 d5 4. Nf3 Bg7 5. Qb3 dxc4 6. Qxc4 O-O 7. e4 a6 8. Be2
b5 9. Qb3 c5 10. dxc5 Bb7 11. O-O Nxe4 12. Nxe4 Bxe4 13. Bg5 Nc6 14. Qe3 Bf5
15. Bh6 Bxb2 16. Rad1 Qa5 17. Bxf8 Rxf8 18. Bd3 Bxd3 19. Qxd3 b4 20. Qd5 Qb5
21. Ng5 h6 22. Ne4 Rd8 23. Qb3 Bd4 24. Rc1 Kg7 25. h4 a5 26. Qc4 Qxc4 27. Rxc4
f5 28. Nd2 e5 29. Rc2 1/2-1/2

[Event "Elit(Solna-Manhem)"]
[Site "?"]
[Date "2004.??.??"]
[Round "10"]
[White "Landgren, Philip"]
[Black "Bjarnehag, Peter"]
[Result "1-0"]
[WhiteElo "2316"]
[BlackElo "2235"]
[PlyCount "85"]

1. d4 c5 2. d5 Nf6 3. c4 g6 4. Nc3 Bg7 5. Nf3 O-O 6. e4 d6 7. h3 e5 8. Bd3 Nh5
9. g3 a6 10. a3 b6 11. Qe2 Nd7 12. O-O Ndf6 13. Kg2 Ne8 14. Bd2 Bd7 15. Rab1 f5
16. exf5 gxf5 17. Nh4 Nf4+ 18. Bxf4 exf4 19. Rbe1 Qf6 20. Qe7 Rf7 21. Qxf6 Bxf6
22. Ne2 fxg3 23. fxg3 Bxh4 24. gxh4 Ng7 25. Nf4 Re8 26. Kf3 Re5 27. Re2 Rxe2
28. Bxe2 Re7 29. h5 Kf7 30. h6 Ne8 31. b4 Bc8 32. Bd3 Nf6 33. bxc5 bxc5 34. Rb1
Rb7 35. Rxb7+ Bxb7 36. Ne6 Kg6 37. Ng7 Bc8 38. Kf4 Kxh6 39. Nxf5+ Bxf5 40. Kxf5
Kg7 41. Ke6 Nh5 42. Kxd6 Nf4 43. Bf1 1-0

[Event "Elit(Solna-Manhem)"]
[Site "?"]
[Date "2004.??.??"]
[Round "10"]
[White "Johansson, Gunnar"]
[Black "Akesson, Joel"]
[Result "0-1"]
[WhiteElo "2258"]
[BlackElo "2334"]
[PlyCount "68"]

1. e4 e6 2. d4 d5 3. Nd2 Nf6 4. e5 Nfd7 5. Bd3 c5 6. c3 Nc6 7. Ne2 Qb6 8. Nf3
cxd4 9. cxd4 f6 10. exf6 Nxf6 11. O-O Bd6 12. b3 O-O 13. Bf4 Bxf4 14. Nxf4 Ne4
15. Ne2 Bd7 16. Ng3 Nxg3 17. hxg3 Rf6 18. Qd2 Raf8 19. Qe3 Rxf3 20. gxf3 Nxd4
21. f4 e5 22. Rfd1 Bg4 23. Bf1 Nf3+ 24. Kg2 Qh6 25. Qxf3 Bxf3+ 26. Kxf3 Qh5+
27. Kg2 exf4 28. Rd3 fxg3 29. fxg3 Qf5 30. Rad1 Qf2+ 31. Kh1 Rf6 32. Bh3 Rh6
33. g4 Qe2 34. R1d2 Rxh3+ 0-1

[Event "Elit(Solna-Manhem)"]
[Site "?"]
[Date "2004.??.??"]
[Round "10"]
[White "Solin, Niclas"]
[Black "Kinnmark, Ove"]
[Result "1/2-1/2"]
[WhiteElo "2112"]
[BlackElo "2324"]
[PlyCount "66"]

1. d4 Nf6 2. c4 e6 3. g3 Bb4+ 4. Bd2 Bxd2+ 5. Qxd2 O-O 6. Bg2 d6 7. Nf3 Qe7 8.
O-O e5 9. Nc3 Re8 10. e4 Bg4 11. d5 Qd7 12. Ne1 Bh3 13. Nd3 Bxg2 14. Kxg2 Qe7
15. Rae1 Nfd7 16. f4 f6 17. f5 a5 18. g4 Na6 19. Rf3 Nb6 20. b3 a4 21. h4 axb3
22. axb3 Nc5 23. Nxc5 dxc5 24. g5 c6 25. Rg3 Kh8 26. Kh1 Ra3 27. Qb2 Raa8 28.
g6 h6 29. Rd3 Kg8 30. Red1 Red8 31. Kg2 Kf8 32. Kf3 Rd7 33. Qf2 Rad8 1/2-1/2

[Event "Elit(Solna-Manhem)"]
[Site "?"]
[Date "2004.??.??"]
[Round "10"]
[White "Dalmau, Anneli"]
[Black "Liljedahl, Lennart"]
[Result "0-1"]
[WhiteElo "1987"]
[BlackElo "2221"]
[PlyCount "72"]

1. e4 d5 2. exd5 Qxd5 3. Nc3 Qa5 4. d4 Nf6 5. Nf3 Bg4 6. Be2 c6 7. O-O Nbd7 8.
Ne5 Bxe2 9. Qxe2 e6 10. Bd2 Nxe5 11. dxe5 Nd7 12. Rfe1 Be7 13. Qg4 O-O-O 14.
Ne4 Qxe5 15. Bc3 Qf5 16. Qe2 Nf6 17. Ng3 Qg5 18. a4 h5 19. Ne4 Nxe4 20. Qxe4
Bf6 21. Ra3 Rd7 22. b4 Rhd8 23. f4 Qd5 24. Qxd5 Rxd5 25. b5 Bxc3 26. Rxc3 c5
27. a5 Kc7 28. Re5 b6 29. Rxd5 Rxd5 30. Ra3 Rd2 31. c4 Rd4 32. Rg3 g6 33. axb6+
Kxb6 34. Ra3 Rxc4 35. Ra6+ Kxb5 36. Rxa7 Rxf4 0-1

[Event "Elit(SodraSASS-LASK)"]
[Site "?"]
[Date "2004.??.??"]
[Round "10"]
[White "Niklasson, Christer"]
[Black "Furhoff, Johan"]
[Result "1-0"]
[WhiteElo "2418"]
[BlackElo "2426"]
[PlyCount "71"]

1. d4 Nc6 2. c4 e5 3. d5 Bb4+ 4. Bd2 Bxd2+ 5. Qxd2 Nce7 6. Nc3 d6 7. g3 Nf6 8.
Bg2 h5 9. Nf3 Bg4 10. Ng5 h4 11. h3 Bd7 12. g4 Ng6 13. Nge4 Nh7 14. e3 O-O 15.
O-O f5 16. gxf5 Bxf5 17. Kh2 Qd7 18. c5 Kh8 19. Qe2 dxc5 20. Nxc5 Qe8 21. Be4
Bxe4 22. N3xe4 Rf5 23. Qg4 Qf7 24. Ne6 Rc8 25. Rac1 Ne7 26. Rc2 Nf6 27. Nxf6
Qxf6 28. e4 Rf3 29. Kg2 Rf4 30. Nxf4 exf4 31. Qh5+ Kg8 32. e5 f3+ 33. Kh1 Qa6
34. Rg1 Rf8 35. Qg5 Nf5 36. Rxc7 1-0

[Event "Elit(SodraSASS-LASK)"]
[Site "?"]
[Date "2004.??.??"]
[Round "10"]
[White "Welin, Thomas"]
[Black "Semcesen, Daniel"]
[Result "1/2-1/2"]
[WhiteElo "2385"]
[BlackElo "2323"]
[PlyCount "57"]
[EventDate "2004.??.??"]

1. c4 Nf6 2. Nc3 c6 3. Nf3 d5 4. e3 a6 5. d4 b5 6. b3 Bg4 7. Be2 e6 8. O-O Nbd7
9. Bb2 Bd6 10. h3 Bh5 11. Ne5 Bxe2 12. Nxe2 Qc7 13. cxd5 cxd5 14. Rc1 Qb8 15.
Nxd7 Kxd7 16. f3 Rc8 17. e4 Be7 18. Qd3 g6 19. Qe3 Qb7 20. e5 Ng8 21. Qf4 Ke8
22. h4 Rxc1 23. Rxc1 Rc8 24. h5 Bf8 25. hxg6 hxg6 26. Qd2 b4 27. Kf2 Rxc1 28.
Qxc1 Ne7 29. g4 1/2-1/2

[Event "Elit(SodraSASS-LASK)"]
[Site "?"]
[Date "2004.??.??"]
[Round "10"]
[White "Holmquist, Gunnar"]
[Black "Johnson, Bjorn"]
[Result "0-1"]
[WhiteElo "2273"]
[BlackElo "2310"]
[PlyCount "86"]
[EventDate "2004.??.??"]

1. Nf3 f5 2. c4 Nf6 3. Nc3 e6 4. g3 Be7 5. Bg2 O-O 6. d4 d6 7. O-O Ne4 8. Qc2
Nxc3 9. Qxc3 a5 10. Qc2 Bf6 11. b3 Nc6 12. Bb2 e5 13. dxe5 dxe5 14. Rad1 Qe8
15. e4 Qh5 16. a3 Kh8 17. Rd5 f4 18. gxf4 Bh3 19. Qd3 Bxg2 20. Kxg2 Ne7 21.
fxe5 Nxd5 22. exd5 Qg4+ 23. Kh1 Be7 24. Nd4 c5 25. f3 Qh3 26. Ne6 Rf5 27. Qe2
Qh6 28. Nc7 Raf8 29. d6 Bd8 30. Nd5 Re8 31. f4 Qxd6 32. Qg4 Qe6 33. Ne3 Qc6+
34. Kg1 Rff8 35. f5 Qh6 36. Rf3 Bg5 37. Nd5 Bc1 38. Rh3 Qd2 39. Bxc1 Qxc1+ 40.
Kg2 Rxe5 41. Rf3 Qc2+ 42. Kg3 Re4 43. Qh5 Qb2 0-1

[Event "Elit(Rockaden-Limhamn)"]
[Site "Gothenburg, Sweden"]
[Date "2004.??.??"]
[Round "11"]
[White "Sokolov, Ivan"]
[Black "Nielsen, Peter Heine"]
[Result "1-0"]
[WhiteElo "2672"]
[BlackElo "2688"]
[PlyCount "45"]
[EventDate "2004.??.??"]

1. d4 Nf6 2. c4 e6 3. Nf3 d5 4. Nc3 dxc4 5. e3 a6 6. a4 c5 7. Bxc4 Nc6 8. O-O
Be7 9. dxc5 Qxd1 10. Rxd1 Bxc5 11. Bd2 b6 12. Bd3 Nb4 13. Be2 O-O 14. a5 b5 15.
Rac1 Be7 16. Ne5 Ra7 17. Nxb5 axb5 18. Bxb4 Bxb4 19. Nc6 Rxa5 20. Nxb4 Bd7 21.
Rc7 Rfa8 22. g4 R8a7 23. Rc8+ 1-0

[Event "Elit(Rockaden-Limhamn)"]
[Site "Gothenburg, Sweden"]
[Date "2004.??.??"]
[Round "11"]
[White "Ahlander, Bjorn"]
[Black "Olsson, Anders"]
[Result "1-0"]
[WhiteElo "2489"]
[BlackElo "2512"]
[PlyCount "71"]
[EventDate "2004.??.??"]

1. d4 Nf6 2. c4 g6 3. Nc3 Bg7 4. e4 d6 5. Bg5 c6 6. Nf3 O-O 7. Be2 e5 8. O-O
Na6 9. Re1 h6 10. Bc1 exd4 11. Nxd4 Re8 12. Bf3 Nc5 13. b3 d5 14. cxd5 cxd5 15.
exd5 Rxe1+ 16. Qxe1 Nxd5 17. Nxd5 Bxd4 18. Be3 Nd3 19. Qd1 Bh8 20. Rb1 Ne5 21.
Rc1 Be6 22. Nc7 Rc8 23. Qxd8+ Rxd8 24. Nxe6 fxe6 25. Bxb7 g5 26. Rc8 Rxc8 27.
Bxc8 Kf7 28. Bxa7 Nd3 29. a4 Bc3 30. Bb6 Ke7 31. a5 Nb4 32. Bb7 Kd7 33. a6 Nc6
34. a7 Nxa7 35. Bxa7 Kc7 36. Ba6 1-0

[Event "Elit(Rockaden-Limhamn)"]
[Site "Gothenburg, Sweden"]
[Date "2004.??.??"]
[Round "11"]
[White "Karlsson, Lars"]
[Black "Jepson, Christian"]
[Result "1/2-1/2"]
[WhiteElo "2554"]
[BlackElo "2489"]
[PlyCount "57"]
[EventDate "2004.??.??"]

1. Nf3 Nf6 2. g3 d5 3. Bg2 Nc6 4. d4 Bf5 5. O-O Nb4 6. Na3 e6 7. c3 Nc6 8. Nc2
Bd6 9. Nce1 Be4 10. Nd3 O-O 11. b3 b5 12. a4 b4 13. Nfe5 Qe8 14. Nxc6 Qxc6 15.
cxb4 Bxd3 16. Qxd3 Bxb4 17. Bg5 Qb6 18. Rfc1 Rac8 19. Bxf6 gxf6 20. Rc2 Rfd8
21. e3 Rb8 22. Bf1 Rdc8 23. Qa6 Bd6 24. Rb1 Qxa6 25. Bxa6 Rd8 26. b4 Rxb4 27.
Rxb4 Bxb4 28. Rxc7 Ra8 29. Rc8+ 1/2-1/2

1/2-1/2

[Event "Elit(Rockaden-Limhamn)"]
[Site "Gothenburg, Sweden"]
[Date "2004.??.??"]
[Round "11"]
[White "Schneider, Stefan"]
[Black "Hermansson, Emil"]
[Result "1/2-1/2"]
[WhiteElo "2425"]
[BlackElo "2524"]
[PlyCount "139"]
[EventDate "2004.??.??"]

1. d4 Nf6 2. Nf3 g6 3. Bg5 Bg7 4. Nbd2 O-O 5. c3 d5 6. e3 Nbd7 7. Bd3 Re8 8.
O-O e5 9. dxe5 Nxe5 10. Be2 c6 11. Qb3 Qb6 12. Rfd1 Nxf3+ 13. Bxf3 Bf5 14. Be2
Nd7 15. Qxb6 axb6 16. Nb3 h6 17. Bf4 g5 18. Bd6 Bc2 19. Rdc1 Bg6 20. a4 Ra7 21.
a5 Rea8 22. axb6 Rxa1 23. Rxa1 Rxa1+ 24. Nxa1 Nxb6 25. Nb3 Na4 26. Ba3 Bf8 27.
Bxf8 Kxf8 28. Na5 Nxb2 29. Nxb7 Ke7 30. Kf1 Na4 31. c4 dxc4 32. Bxc4 Nb6 33.
Bb3 Bd3+ 34. Ke1 Bc4 35. Bc2 Nd7 36. Kd2 Nf6 37. f4 Ng4 38. h3 Nf6 39. fxg5
hxg5 40. g3 Nh5 41. g4 Nf6 42. Ke1 Ke6 43. Kf2 Ke5 44. Bf5 Ne4+ 45. Bxe4 Kxe4
46. Nc5+ Kd5 47. Nd7 Bd3 48. Nb6+ Kd6 49. Na4 c5 50. Kg3 c4 51. h4 gxh4+ 52.
Kxh4 Kc6 53. Kg5 Kb5 54. Nc3+ Kb4 55. Nd5+ Kc5 56. Nc3 Kb4 57. Nd5+ Kb3 58. Kf6
Be4 59. Nf4 c3 60. Ne2 c2 61. Nd4+ Kb2 62. Nxc2 Kxc2 63. Kxf7 Kd3 64. g5 Kxe3
65. g6 Kf4 66. g7 Kf5 67. Ke7 Bd5 68. Kf8 Kf6 69. g8=Q Bxg8 70. Kxg8 1/2-1/2

[Event "Elit(Rockaden-Limhamn)"]
[Site "Gothenburg, Sweden"]
[Date "2004.??.??"]
[Round "11"]
[White "Wiedenkeller, Michael"]
[Black "Eriksson, Magnus"]
[Result "1/2-1/2"]
[WhiteElo "2527"]
[BlackElo "2423"]
[PlyCount "57"]
[EventDate "2004.??.??"]

1. d4 d5 2. c4 c6 3. Nc3 Nf6 4. e3 a6 5. b3 Bf5 6. Bd3 Bxd3 7. Qxd3 e6 8. Nf3
Bb4 9. O-O O-O 10. a3 Bxc3 11. Qxc3 Nbd7 12. a4 Qc7 13. Ba3 Rfe8 14. Ne5 Rac8
15. f3 b6 16. Rac1 Qb7 17. Bd6 c5 18. Rfd1 cxd4 19. exd4 dxc4 20. bxc4 Nxe5 21.
Bxe5 Nd7 22. Bg3 Rc6 23. Qb3 Rec8 24. h3 h6 25. Rc2 Nf6 26. Rdd2 Nd7 27. Rd1
Nf6 28. Rdc1 Qd7 29. Rd1 1/2-1/2

1/2-1/2

[Event "Elit(Rockaden-Limhamn)"]
[Site "Gothenburg, Sweden"]
[Date "2004.??.??"]
[Round "11"]
[White "Aagard, Jacob"]
[Black "Barkhagen, Jonas"]
[Result "0-1"]
[WhiteElo "2491"]
[BlackElo "2546"]
[PlyCount "82"]
[EventDate "2004.??.??"]

1. d4 Nf6 2. c4 e6 3. Nf3 b6 4. e3 Bb7 5. Bd3 Be7 6. Nc3 d5 7. O-O O-O 8. b3 c5
9. Bb2 cxd4 10. exd4 Nc6 11. Qe2 Rc8 12. Rac1 Nb4 13. Bb1 dxc4 14. bxc4 Bxf3
15. gxf3 Qxd4 16. Ne4 Qd7 17. Nxf6+ Bxf6 18. Bxh7+ Kxh7 19. Qe4+ Kg8 20. Bxf6
Qd3 21. Kh1 Qxe4 22. fxe4 Nd3 23. Rc3 Nf4 24. Bg5 Ng6 25. Rfc1 Rc6 26. a4 Rfc8
27. c5 bxc5 28. Be3 c4 29. a5 a6 30. Rb1 Ne5 31. Rb7 Nd3 32. f3 Nc5 33. Rb4 Nb3
34. Bb6 e5 35. Kg2 Nd4 36. Kf2 Nb5 37. Rc2 c3 38. Ke3 Rd6 39. Ke2 Na3 40. Ra2
c2 41. Be3 Nb1 0-1

[Event "Elit(Skara-Sollentuna)"]
[Site "?"]
[Date "2004.??.??"]
[Round "11"]
[White "Berg, Emanuel"]
[Black "Winsnes, Rikard"]
[Result "0-1"]
[WhiteElo "2587"]
[BlackElo "2489"]
[PlyCount "109"]

1. e4 c5 2. Nf3 d6 3. d4 cxd4 4. Nxd4 Nf6 5. Nc3 g6 6. Be3 Bg7 7. f3 O-O 8. Qd2
Nc6 9. Bc4 Bd7 10. O-O-O Ne5 11. Bb3 Rc8 12. Kb1 Re8 13. h4 h5 14. Bg5 Rc5 15.
Nde2 a5 16. f4 Neg4 17. e5 dxe5 18. fxe5 Nxe5 19. Nf4 Qc8 20. Bxf6 Bxf6 21. Ne4
a4 22. Bd5 Bf5 23. Bxb7 Qxb7 24. Nxc5 Qb5 25. Ncd3 Rb8 26. a3 Nxd3 27. Nxd3
Bxd3 28. cxd3 Bxb2 29. Qb4 Qe5 30. Rhe1 Qg3 31. Re3 Qh2 32. Rh3 Qc7 33. Qxb2
Rxb2+ 34. Kxb2 Qb7+ 35. Kc1 Qxg2 36. Re3 Qc6+ 37. Kd2 Qd6 38. Re4 Qxa3 39. Rc1
Kg7 40. Rc3 Qb2+ 41. Rc2 Qb5 42. Ra2 a3 43. Kc2 Qc5+ 44. Rc4 Qf2+ 45. Kb3 Qe3
46. Kc3 Qc1+ 47. Kd4 Qe1 48. Kc5 Qa5+ 49. Kd4 e5+ 50. Ke3 f5 51. Ke2 f4 52. Rc1
Qb6 53. Rc3 Qe3+ 54. Kf1 Qh3+ 55. Kg1 0-1

[Event "Elit(Skara-Sollentuna)"]
[Site "?"]
[Date "2004.??.??"]
[Round "11"]
[White "Ziegler, Ari"]
[Black "Eriksson, Johan"]
[Result "1-0"]
[WhiteElo "2426"]
[BlackElo "2459"]
[PlyCount "57"]

1. d4 Nf6 2. Nf3 e6 3. e3 b6 4. Bd3 Bb7 5. O-O c5 6. b3 Nc6 7. Bb2 cxd4 8. exd4
Nb4 9. Be2 Be4 10. Ne1 Bd6 11. c3 Nbd5 12. g3 h5 13. Bf3 h4 14. Nd2 hxg3 15.
fxg3 Rxh2 16. Kxh2 Bxg3+ 17. Kg1 Ng4 18. Ng2 Qg5 19. Bxg4 Bxg2 20. Kxg2 Ne3+
21. Kxg3 Nxd1 22. Nf3 Qg6 23. Raxd1 f5 24. Ne5 Qh6 25. Bc1 g5 26. Rh1 Qf6 27.
Bh5+ Ke7 28. Bg6 Rh8 29. Ba3+ 1-0

[Event "Elit(Skara-Sollentuna)"]
[Site "?"]
[Date "2004.??.??"]
[Round "11"]
[White "Dzevlan, Miralem"]
[Black "Friberg, Hans"]
[Result "1/2-1/2"]
[WhiteElo "2464"]
[BlackElo "2233"]
[PlyCount "82"]

1. d4 e6 2. c4 d5 3. Nf3 c5 4. cxd5 exd5 5. g3 Nc6 6. Bg2 Nf6 7. O-O Be7 8. Nc3
O-O 9. Bg5 cxd4 10. Nxd4 h6 11. Be3 Re8 12. Rc1 Bf8 13. Nb3 Be6 14. Qc2 Qd7 15.
Rfd1 Rad8 16. Bc5 Nb4 17. Qd2 Ne4 18. Nxe4 dxe4 19. Qxd7 Rxd7 20. Rxd7 Bxd7 21.
Bxb4 Bxb4 22. Rc4 Be7 23. Rxe4 Bf6 24. Rxe8+ Bxe8 25. Bxb7 Bxb2 26. Bd5 Kf8 27.
e4 Ke7 28. f4 Ba4 29. Nd2 f6 30. Kf2 Bd4+ 31. Ke2 Bb5+ 32. Bc4 Bd7 33. Kf3 h5
34. f5 Bc5 35. h4 Ba4 36. Bb3 Bb5 37. Bg8 Ba4 38. Nc4 Bd1+ 39. Kg2 Bd4 40. Kf1
Bc2 41. Bd5 Bd3+ 1/2-1/2

[Event "Elit(Skara-Sollentuna)"]
[Site "?"]
[Date "2004.??.??"]
[Round "11"]
[White "Andersson, Goran"]
[Black "Couso, Luis"]
[Result "1-0"]
[WhiteElo "2238"]
[BlackElo "2457"]
[PlyCount "65"]

1. e4 c5 2. Nf3 e6 3. d4 cxd4 4. Nxd4 a6 5. Bd3 Bc5 6. c3 Qb6 7. O-O Nc6 8.
Nxc6 bxc6 9. e5 Qc7 10. Bf4 Ne7 11. Bg3 h5 12. h4 f5 13. b4 Ba7 14. Nd2 c5 15.
Nc4 Bb7 16. Nd6+ Kf8 17. Nxb7 Qxb7 18. Be2 Rc8 19. Bf3 Qc7 20. Qd2 Nc6 21. Rfe1
cxb4 22. cxb4 Nd4 23. Rac1 Qb8 24. Rxc8+ Qxc8 25. Rc1 Qb8 26. Qd3 Kf7 27. Qxa6
g5 28. hxg5 h4 29. Bf4 h3 30. Qd6 hxg2 31. Qxd7+ Kg6 32. Kxg2 Bb6 33. Rc6 1-0

[Event "Elit(Skara-Sollentuna)"]
[Site "?"]
[Date "2004.??.??"]
[Round "11"]
[White "Lindberg, Bosse"]
[Black "Svensson, Sven"]
[Result "1-0"]
[WhiteElo "2420"]
[BlackElo "2257"]
[PlyCount "89"]

1. d4 Nf6 2. Bg5 d5 3. e3 c6 4. Bxf6 exf6 5. c4 Bb4+ 6. Nc3 Qa5 7. Qb3 Be6 8.
Rc1 dxc4 9. Bxc4 Bxc4 10. Qxc4 O-O 11. Nge2 Nd7 12. O-O f5 13. Nf4 Bd6 14. Nd3
Qd8 15. b4 a6 16. a4 Qh4 17. g3 Qh3 18. Ne2 Nf6 19. Nef4 Qh6 20. Kg2 Rfe8 21.
Rfe1 Ne4 22. h4 Rad8 23. b5 axb5 24. axb5 Bxf4 25. Nxf4 Nd6 26. Qc5 Nxb5 27.
Qxf5 Nd6 28. Qb1 Qf6 29. Rc5 Qe7 30. Re5 Qd7 31. Rh5 g6 32. Rc5 Ne4 33. Ra5 b5
34. Qc2 Nd6 35. Rea1 Nc4 36. Ra7 Qd6 37. Qc3 Re7 38. R7a6 Qd7 39. Kg1 h5 40.
Qc2 Rc8 41. Nxg6 fxg6 42. Ra7 Qxa7 43. Qxg6+ Kh8 44. Qf6+ Kg8 45. Rxa7 1-0

[Event "Elit(Skara-Sollentuna)"]
[Site "?"]
[Date "2004.??.??"]
[Round "11"]
[White "Eklund, Lars-Goran"]
[Black "Eriksson, Jonas"]
[Result "1/2-1/2"]
[WhiteElo "2310"]
[BlackElo "2377"]
[PlyCount "37"]

1. Nf3 d6 2. d4 f5 3. c4 Nf6 4. g3 g6 5. Bg2 Bg7 6. O-O O-O 7. b4 h6 8. Bb2 Qe8
9. e3 g5 10. Nc3 Qg6 11. Qc2 c6 12. b5 Qh5 13. Rfe1 Rf7 14. c5 d5 15. Ne5 Rf8
16. f4 Ne4 17. Qd1 Qxd1 18. Raxd1 Nxc3 19. Bxc3 1/2-1/2

[Event "Elit(LASK-Farsta)"]
[Site "?"]
[Date "2004.??.??"]
[Round "11"]
[White "Sammalvuo, Tapani"]
[Black "Hall, Jesper"]
[Result "1/2-1/2"]
[WhiteElo "2495"]
[BlackElo "2529"]
[PlyCount "81"]

1. e4 c5 2. Nf3 d6 3. d4 cxd4 4. Nxd4 Nf6 5. Nc3 Nc6 6. f3 e5 7. Nb3 Be6 8. Be3
d5 9. exd5 Nxd5 10. Nxd5 Qxd5 11. Qxd5 Bxd5 12. O-O-O O-O-O 13. c4 Be6 14.
Rxd8+ Kxd8 15. Nc5 Bc8 16. Be2 Kc7 17. Ne4 Nd4 18. Bxd4 exd4 19. Rd1 f5 20. Ng3
Bc5 21. Bd3 g6 22. Ne2 Be6 23. a3 a5 24. Nf4 Bf7 25. Nd5+ Kc6 26. a4 Bxd5 27.
cxd5+ Kxd5 28. g4 Ke5 29. gxf5 gxf5 30. Rg1 Kf6 31. Kd1 Bd6 32. h3 Rc8 33. Rg2
Bb4 34. Bc2 b6 35. Bb1 Rf8 36. Re2 Kg5 37. Re5 Kf4 38. Rd5 Bc5 39. Bc2 h5 40.
Ke2 h4 41. Bd3 1/2-1/2

[Event "Elit(LASK-Farsta)"]
[Site "?"]
[Date "2004.??.??"]
[Round "11"]
[White "Johannessen, Leif E"]
[Black "Degerman, Lars"]
[Result "1-0"]
[WhiteElo "2516"]
[BlackElo "2498"]
[PlyCount "65"]

1. c4 c5 2. Nf3 Nf6 3. Nc3 Nc6 4. d4 cxd4 5. Nxd4 e6 6. a3 Bc5 7. Nb3 Be7 8. e4
O-O 9. Be2 b6 10. O-O Bb7 11. Be3 d6 12. f4 Nb8 13. Bd3 Nbd7 14. Qe2 Qc7 15.
Bd2 Rfe8 16. Rae1 Rad8 17. Kh1 Bf8 18. Bb1 g6 19. e5 Nh5 20. Nb5 Qb8 21. Bc3
Nc5 22. Nd2 d5 23. cxd5 Bxd5 24. Ne4 Nxe4 25. Bxe4 a6 26. Bxd5 Rxd5 27. Nd6
Bxd6 28. exd6 Qxd6 29. Qxa6 Qc5 30. Re5 b5 31. Qb7 Qc4 32. Ree1 Nxf4 33. Rxf4
1-0

[Event "Elit(LASK-Farsta)"]
[Site "?"]
[Date "2004.??.??"]
[Round "11"]
[White "Lindberg, Bengt"]
[Black "Olsson, Linus"]
[Result "1/2-1/2"]
[WhiteElo "2493"]
[BlackElo "2360"]
[PlyCount "81"]

1. e4 c5 2. Nf3 d6 3. d4 cxd4 4. Nxd4 Nf6 5. Nc3 a6 6. Be2 e5 7. Nb3 Be7 8. Bg5
Be6 9. Bxf6 Bxf6 10. Nd5 Nd7 11. Qd3 O-O 12. O-O-O a5 13. Kb1 a4 14. Nc1 Nc5
15. Qf3 Bg5 16. Nd3 Bxd5 17. Nxc5 Bc6 18. Nd3 Qa5 19. a3 d5 20. Nxe5 dxe4 21.
Qg3 Bf6 22. Nc4 Qc5 23. Qe3 Qe7 24. Qb6 h6 25. Ne3 Rad8 26. g3 Be5 27. Bc4 Bc7
28. Qb4 Bd6 29. Qa5 Qe5 30. Qxe5 Bxe5 31. Bd5 g6 32. Rd2 Kg7 33. Rhd1 Bc7 34.
Bxc6 bxc6 35. Rd7 Bb6 36. Kc1 h5 37. Re7 Rfe8 38. Rdd7 Rxd7 39. Rxd7 Kf6 40.
Rb7 Bc5 41. Kd2 1/2-1/2

[Event "Elit(LASK-Farsta)"]
[Site "?"]
[Date "2004.??.??"]
[Round "11"]
[White "Tikkanen, Hans"]
[Black "Hjelm, Niclas"]
[Result "1-0"]
[WhiteElo "2414"]
[BlackElo "2394"]
[PlyCount "81"]

1. d4 d5 2. c4 dxc4 3. Nf3 Nf6 4. e3 e6 5. Bxc4 c5 6. O-O a6 7. a3 b5 8. Ba2
Bb7 9. Nc3 Nbd7 10. Qe2 Qb6 11. Rd1 Bd6 12. e4 cxd4 13. Nxd4 O-O 14. Be3 Qc7
15. g3 Nxe4 16. Rac1 Qb8 17. Nxe4 Bxe4 18. Nc6 Qb7 19. Rxd6 Bxc6 20. Rdxc6 Ne5
21. Bb1 Nxc6 22. Qc2 g6 23. Qxc6 Qxc6 24. Rxc6 Rfc8 25. Be4 Rxc6 26. Bxc6 Rd8
27. b4 Rd1+ 28. Kg2 Ra1 29. Bb7 Rxa3 30. Bb6 Rd3 31. Kf1 f6 32. Ke2 Rd7 33. Bc8
Rd6 34. Bc5 Rc6 35. Bb7 Rc7 36. Bxa6 Kf7 37. Bxb5 g5 38. Bd6 Rb7 39. Bc6 Rb6
40. b5 h5 41. Bc7 1-0

[Event "Elit(LASK-Farsta)"]
[Site "?"]
[Date "2004.??.??"]
[Round "11"]
[White "Ong, Kezli"]
[Black "Semcesen, Daniel"]
[Result "1-0"]
[WhiteElo "2300"]
[BlackElo "2323"]
[PlyCount "69"]

1. e4 c5 2. Nf3 Nc6 3. d4 cxd4 4. Nxd4 Nf6 5. Nc3 e5 6. Ndb5 d6 7. Bg5 a6 8.
Na3 b5 9. Bxf6 gxf6 10. Nd5 f5 11. Bd3 Be6 12. O-O Bxd5 13. exd5 Ne7 14. c3 Bg7
15. Qh5 e4 16. Bc2 Qc8 17. Rae1 O-O 18. Kh1 Ng6 19. Bb1 Ra7 20. f3 Re8 21. fxe4
f4 22. Nc2 a5 23. Nd4 Bxd4 24. cxd4 Qd8 25. Rc1 Rc7 26. Rc6 Rd7 27. g3 fxg3 28.
hxg3 a4 29. Qf5 Kg7 30. Rfc1 Qe7 31. a3 h5 32. Rf1 Rb7 33. e5 Rd8 34. e6 Nf8
35. exf7 1-0

[Event "Elit(LASK-Farsta)"]
[Site "?"]
[Date "2004.??.??"]
[Round "11"]
[White "Nicklasson, Christer"]
[Black "Jaderberg, Bjorn"]
[Result "1/2-1/2"]
[WhiteElo "2418"]
[BlackElo "2298"]
[PlyCount "36"]

1. d4 Nf6 2. c4 e6 3. Nf3 Bb4+ 4. Nbd2 b6 5. a3 Bxd2+ 6. Bxd2 Bb7 7. e3 Ne4 8.
Bd3 f5 9. O-O O-O 10. Qe2 d6 11. Be1 Nd7 12. Nd2 Qe7 13. f3 Nxd2 14. Bxd2 e5
15. d5 a5 16. b3 e4 17. Bc2 Nf6 18. f4 Ba6 1/2-1/2

[Event "Elit(LASK-Farsta)"]
[Site "?"]
[Date "2004.??.??"]
[Round "11"]
[White "Olsson, Tomas"]
[Black "Lindeman, Sven"]
[Result "1/2-1/2"]
[WhiteElo "2238"]
[BlackElo "2217"]
[PlyCount "63"]

1. e4 e5 2. Nf3 Nc6 3. Bc4 Nf6 4. d4 exd4 5. e5 d5 6. Bb5 Ne4 7. Nxd4 Bd7 8.
Bxc6 bxc6 9. O-O Bc5 10. f3 Ng5 11. f4 Ne4 12. Be3 O-O 13. Nd2 f6 14. Nxe4 dxe4
15. Qe2 Bg4 16. Qf2 Qe8 17. Nb3 Bb6 18. exf6 Bxe3 19. Qxe3 Rxf6 20. Rae1 Bf5
21. Nd4 g6 22. Nf3 Qb8 23. Qc3 Qb6+ 24. Kh1 Rd6 25. Ne5 Qd4 26. Qb3+ Be6 27.
Qb7 Re8 28. Qxc7 e3 29. c3 Qd2 30. Nf3 Qd3 31. Ne5 Qd2 32. Nf3 1/2-1/2

[Event "Elit(Kamraterna-Solna)"]
[Site "?"]
[Date "2004.??.??"]
[Round "11"]
[White "Jonsson, Mikael"]
[Black "Andreasson, Ingvar"]
[Result "0-1"]
[WhiteElo "2384"]
[BlackElo "2401"]
[PlyCount "100"]

1. e4 e6 2. d4 b6 3. Nf3 Bb7 4. Bd3 Nf6 5. e5 Ne4 6. Nbd2 f5 7. Qe2 Nxd2 8.
Bxd2 c5 9. dxc5 Bxc5 10. O-O-O O-O 11. Rhg1 Bxf3 12. gxf3 Nc6 13. Bg5 Qc7 14.
f4 Rf7 15. Rg3 Bf8 16. Kb1 a6 17. Bxa6 Qa7 18. Bc4 b5 19. Bb3 Nd4 20. Qd3 Nc6
21. Qxb5 Nd4 22. Qc4 Nxb3 23. Qxb3 Qxf2 24. Qb7 Ra7 25. Qb8 Ra4 26. Rdg1 Rb4
27. Qe8 Re4 28. a3 Re2 29. Bf6 Re1+ 30. Rxe1 Qxe1+ 31. Ka2 Qe2 32. Bd8 Qxc2 33.
Rc3 Qd2 34. Bc7 Qd5+ 35. Kb1 Qd1+ 36. Ka2 Qd5+ 37. Kb1 Qd1+ 38. Rc1 Qd3+ 39.
Ka1 Qd2 40. Rb1 Qxf4 41. Bd6 Qd4 42. Qa8 f4 43. Rc1 f3 44. Rc8 Qf4 45. Qa6 f2
46. Qf1 Qe3 47. Bb4 g5 48. Ka2 Kg7 49. Bc3 g4 50. a4 Qh3 0-1

[Event "Elit(Kamraterna-Solna)"]
[Site "?"]
[Date "2004.??.??"]
[Round "11"]
[White "Svensson, Bengt"]
[Black "Johansson, Gunnar"]
[Result "1-0"]
[WhiteElo "2424"]
[BlackElo "2258"]
[PlyCount "101"]

1. e4 c5 2. Nf3 d6 3. d4 cxd4 4. Nxd4 Nf6 5. Nc3 Nc6 6. Bg5 e6 7. Qd2 a6 8.
O-O-O h6 9. Be3 Bd7 10. f3 b5 11. Kb1 Na5 12. Bd3 Qc7 13. g4 Nc4 14. Bxc4 Qxc4
15. h4 g6 16. Nce2 Bc8 17. Nb3 Qc7 18. Bd4 e5 19. Be3 Be6 20. Nc3 Rd8 21. Nd5
Nxd5 22. exd5 Bd7 23. Qf2 Rc8 24. Bb6 Qb8 25. Nd2 Be7 26. Ne4 Rc4 27. b3 Rxe4
28. fxe4 Bxg4 29. Rdf1 O-O 30. Be3 Kg7 31. Qd2 Rh8 32. Rh2 Qc8 33. Rhf2 f5 34.
h5 f4 35. Rxf4 exf4 36. Bd4+ Kh7 37. hxg6+ Kxg6 38. Bxh8 Bg5 39. Bb2 f3 40. Qd4
Qf8 41. e5 Qf5 42. e6 Kh5 43. Qg7 Kh4 44. e7 Qe4 45. Bf6 Kg3 46. Bxg5 hxg5 47.
Rg1+ Kh2 48. Rc1 Bd7 49. Qh6+ Bh3 50. Qxd6+ Kg2 51. Qd8 1-0